LEADER 00757oas 2200217z- 450 001 9910137945503321 011 $a2297-9662 035 $a(DE-599)ZDB2863558-9 035 $a(CKB)110978977124864 035 $a(EXLCZ)99110978977124864 100 $a20230117cuuuuuuuu -u- - 101 0 $ager 200 00$aMitteilungen / Schweizerische Vereinigung der Versicherungsmathematiker = Bulletin / Association Suisse des Actuaires = Bulletin / Swiss Association of Actuaries 210 $cStämpfli$aBern 311 $a1022-5617 517 $aMitteilungen - Schweizerische Vereinigung der Versicherungsmathematiker, SVVM 531 $aSCHWEIZ. AKTUARVER. MITT 906 $aJOURNAL 912 $a9910137945503321 996 $aMitteilungen$91921076 997 $aUNINA LEADER 02272nam 22005175 450 001 9910984689303321 005 20250304115236.0 010 $a3-031-80660-3 024 7 $a10.1007/978-3-031-80660-5 035 $a(MiAaPQ)EBC31942129 035 $a(Au-PeEL)EBL31942129 035 $a(CKB)37771970500041 035 $a(OCoLC)1511110039 035 $a(DE-He213)978-3-031-80660-5 035 $a(EXLCZ)9937771970500041 100 $a20250304d2025 u| 0 101 0 $aeng 135 $aurcnu|||||||| 181 $ctxt$2rdacontent 182 $cc$2rdamedia 183 $acr$2rdacarrier 200 10$aMary Daly's (1928-2010) Theological Method of Ontolinguistic Hermeneutics /$fby Antonina Wozna 205 $a1st ed. 2025. 210 1$aCham :$cSpringer Nature Switzerland :$cImprint: Springer,$d2025. 215 $a1 online resource (285 pages) 225 0 $aReligion and Philosophy Series 311 08$a3-031-80659-X 327 $aChapter 1. Introduction -- Chapter 2. State of arts -- Chapter 3. Methods and sources that inspired Daly synthesis and critical points. 330 $aOntolinguistics theological Hermeneutics: sources and Daly´s proposal analyses the method used by Mary Daly, her constructive criticism of the traditional theological method and her proposal to combine the best insights of the Christian tradition, hermeneutic philosophy and feminist theology. The book brings together the inputs of a pioneer in feminist theology Mary Daly on the much-debated issue of theology as method. This book, along with Antonina Wozna's Theological hermeneutics and Daly´s verification process are important reads for scholars working in the intersection of theology, gender and feminism. 606 $aFeminist theology 606 $aTheology 606 $aFeminist Theology 606 $aChristian Theology 615 0$aFeminist theology. 615 0$aTheology. 615 14$aFeminist Theology. 615 24$aChristian Theology. 676 $a202.082 700 $aWozna$b Antonina$01790078 801 0$bMiAaPQ 801 1$bMiAaPQ 801 2$bMiAaPQ 906 $aBOOK 912 $a9910984689303321 996 $aMary Daly's (1928-2010) Theological Method of Ontolinguistic Hermeneutics$94326196 997 $aUNINA